000 00288nam a2200133Ia 4500
100 _aWolkenstein/ V. S.
942 _cBK
654 _aPhysics
245 _aProblems in general physics
260 _bMir Publishers
_aMoscow
_c1975
082 _a530
300 _a376
546 _aENGLISH
999 _c29288
_d29288